| 000 | 00465 a2200169 4500 | ||
|---|---|---|---|
| 001 | 131029 | ||
| 003 | OSt | ||
| 005 | 20210907102158.0 | ||
| 008 | |||
| 082 |
_a720.9542 _bD26A |
||
| 100 | 1 | _aDas, Neeta | |
| 245 | 1 |
_aArchitecture of Lucknow _cby Neeta Das |
|
| 260 |
_aDelhi _bB.R. Publication _c2008 |
||
| 300 | _a98p. | ||
| 690 | _aIndia--Lucknow; Islamic architecture; Buildings; Imambaras; Islamic shrines | ||
| 942 |
_2ddc _cBK |
||
| 999 |
_c5571 _d5571 |
||